000 00639nam a2200229Ia 4500
003 OSt
005 20221005130139.0
006 a|||||r|||| 00| 0
007 ta
008 221004b |||||||| |||| 00| 0 eng d
024 _a42082
037 _cTextual
040 _aCRL
_cCRL
_beng
041 _2eng
_aeng
082 _aO113:1M75:9, 111J2
100 _aHolthusen Hans Egon
_9637657
245 0 _aRainer Maria Rilke
_b A study of his later poetry tr by J P Stern
260 _c1952
650 _aENGLISH LITERATURE
942 _hO113:1M75:9, 111J2
_cTEXL
_2cc
999 _c1056234
_d1056234